[Event "CZE-ch Betsys Online Blitz"]
[Site "Chess.com INT"]
[Date "2021.04.17"]
[Round "5"]
[White "Bara, Jan"]
[Black "Harcuba, Jan"]
[Result "1-0"]
[WhiteElo "1298"]
[BlackElo "1352"]
[PlyCount "93"]
[EventDate "2021.04.17"]
[EventType "swiss (blitz)"]
[EventRounds "13"]
[EventCountry "CZE"]
[SourceTitle "CBM 201 Extra"]
[Source "ChessBase"]
[SourceDate "2021.05.31"]
[SourceVersion "1"]
[SourceVersionDate "2021.05.31"]
[SourceQuality "1"]

1. d4 d5 2. c4 c6 3. cxd5 cxd5 4. Nc3 e6 5. Nf3 Bb4 6. g3 Nc6 7. Bg2 Nge7 8. 0-0 Bd7 9. a3 Ba5 10. b4 Bb6 11. Na4 0-0 12. Nxb6 Qxb6 13. Rb1 h6 14. Bf4 Nf5 15. e3 Nce7 16. Ne5 Bb5 17. Re1 Rfd8 18. a4 Be8 19. Nd3 Nc6 20. b5 Nce7 21. Nc5 Rdc8 22. Qd2 Ng6 23. Bf1 Nxf4 24. exf4 Nd6 25. a5 Qc7 26. b6 axb6 27. axb6 Qc6 28. Nd3 Nc4 29. Qe2 Nxb6 30. Ne5 Qd6 31. Bg2 Nd7 32. Nxd7 Qxd7 33. Qf3 Ra4 34. f5 exf5 35. Qxd5 Qxd5 36. Bxd5 Rxd4 37. Bxb7 Rb8 38. Bf3 Rxb1 39. Rxb1 Kh7 40. Kg2 Ba4 41. Rb7 f6 42. Re7 f4 43. gxf4 Rxf4 44. Kg3 Rd4 45. Re3 Bd7 46. h3 f5 47. Re7 1-0